000 00883nam a22002895i 4500
001 175574
003 ES-MaACL
005 20250318063118.0
008 101108s1969 sp |||| | spa d
040 _cES-MaACL
080 _a82:1 Sartre
080 _a1 Sartre:82
100 1 _aSartre, Jean-Paul,
_d1905-1980
_9103897
240 _aSituations.
_lEspañol
245 1 1 _a¿Qué es la literatura? /
_cJean-Paul Sartre ; traducción de Aurora Bernárdez.
250 _a5ª ed.
260 _aBuenos Aires :
_bLosada,
_c1969.
300 _a253 p. , [1] h. ;
_c20 cm.
490 1 _aCristal del tiempo
650 _aLiteratura-
_xFilosofía.
_914488
700 1 _aBernárdez, Aurora.
_928270
830 0 _aCristal del tiempo
_9185072
852 _aES-MaACL
_jE-13462
942 _cMONOGRAFIA
999 _c175574
_d175574